French Colors in English - Statistics

General Stats
  • This quiz has been taken 75 times
  • The average score is 16 of 20
Answer Stats
French English % Correct
bleu blue
97%
noir black
95%
vert green
95%
orange orange
94%
rouge red
92%
blanc white
91%
rose pink
88%
violet purple
88%
bronze bronze
86%
gris gray
86%
beige beige
85%
jaune yellow
80%
indigo indigo
77%
turquoise turquoise
75%
marron brown
74%
or gold
69%
lavande lavender
68%
argent silver
63%
bleu marine navy
46%
bleu sarcelle teal
12%
No matching quizzes found
Score Distribution
Percent of People with Each Score
Percentile by Number Answered
Your Score History
You have not taken this quiz